000
00201 a2200097 4500
001
46338
100
_a
Dutch, R
245
_a
Roget's thesaurus
260
_a
London
_b
Longman
_c
090
_c
29456
_d
29456
942
_a
NUST-CAE
_c
M
_c
21620
999
_c
281411
_d
281411